| Поле | Название | Значение |
| |
Тип записи |
c |
| |
Библиографический уровень |
m |
| 001 |
Контрольный номер |
UONB/MAIN/15d385aadfed43b3a5be8029fc9af4c7 |
| 005 |
Дата корректировки |
20250131121753.1 |
| 010 |
Индекс ISBN |
__ |
| 9 |
Тираж |
49700 экз. |
| 013 |
Номер (ISMN) |
__ |
| d |
Цена |
70 к. |
| 071 |
Издательские номер (звукозапись и ноты) |
21 |
| a |
Номер, присвоенный агентством |
4269 |
| 100 |
Данные общей обработки |
__ |
| a |
Данные общей обработки |
20250131d1979 u y0rusy0189 ca |
| 101 |
Язык документа |
0_ |
| a |
Язык текста |
rus |
| a |
Язык текста |
tat |
| f |
Язык титульного листа |
rus |
| 102 |
Страна публикации |
__ |
| a |
Страна публикации |
RU |
| 125 |
Кодированные данные звукозаписи и нотных изданий |
__ |
| a |
Форма изложения нотного текста |
z |
| b |
Определитель литературного текста |
g |
| 128 |
Кодированные данные (звукозаписи-физические характеристики) |
__ |
| a |
Кодированные данные: Музыкальная форма и тональность или лад |
ccn |
| b |
Инструменты или голоса, необходимые для ансамблей (устаревшее) |
cu |
| c |
Инструменты или голоса, рекомендуемые для солистов (устаревшее) |
vu |
| 200 |
Заглавие и сведения об ответственности |
1_ |
| a |
Заглавие |
Татарско-мишарские песни |
| e |
Сведения, относящиеся к заглавию |
для голоса (хора) без сопровождения |
| f |
Первые сведения об ответственности |
З. Сайдашева, Х. Ярми |
| g |
Последующие сведения об ответственности |
редакция татарских текстов Ф. В. Ахметовой |
| g |
Последующие сведения об ответственности |
предисловие З. Сайдашевой |
| 203 |
Вид содержания и тип средства |
__ |
| a |
Вид содержания |
Текст |
| a |
Вид содержания |
Музыка |
| b |
Характеристика содержания |
знаковые |
| c |
Тип средства |
непосредственные |
| 210 |
Выходные данные |
1_ |
| a |
Место издания |
Москва |
| c |
Издательство |
Советский композитор |
| d |
Дата издания |
1979 |
| 215 |
Физическое описание |
__ |
| a |
Объем |
79 с. |
| d |
Формат |
21 см |
| e |
Сопроводительные материалы |
1 грп : "Татарские народные песни = Татар халык җырлары" |
| 225 |
Серия |
1_ |
| a |
Серия |
Из коллекции фольклориста |
| f |
Сведения об ответственности |
серия выходит под ред. Э. Е. Алексеева |
| 300 |
Общие примечания |
__ |
| a |
Общие примечания |
Текст на тат. и рус. яз. |
| 327 |
Примечание о содержании |
01 |
| a |
Примечание о содержании |
Содерж.: Баит о солдате ; Медвежатники ; Перекупщики ; Баит о мулле ; Сайфульмалик ; Красивые джигиты (Мать и дочь) ; Открой-ка, девушка, дверь (Джигит и девушка) ; Эх, да шесть тысяч верст (Песня золотоискателей в Сибири) ; Товары, взятые в Сибири ; Продавцы шалей ; Песня работника ; Ой, да как заходит луна (Песня пасынка) ; Проходят жизни годы ; Перед амбарами в переулке (Несовершеннолетний жених) ; У большой дороги три березы (Халима) ; У окна, выходящего на улицу (Фатымочка) ; Алялим ; Черная ласточка ; По зеленой травке (Эх, белолицая) ; Шел я по дороге (Эх, джигиты!) ; Самаксар ; Азизочка ; Бадьянные сады ; Голубое платьице ; На высокой горе (Яблоня) ; Дивлюсь на нынешнее лето (Капает мед из красного яблока) ; Вокруг сада ивовый частокол ; С маленькой головкой (Киргизская лошадь) ; Шапка-крымка ; В медресе ; Высыпал пшеницу на большак ; Вдоль улицы (Молодые ивы) ; Золотая удочка. |
| 464 |
Аналитический уровень |
_0 |
| 1 |
|
036 |
| t |
|
Вошел я в реку полоскать белье... |
| 1 |
|
2001 |
| a |
|
Баит о солдате |
| 464 |
Аналитический уровень |
_0 |
| 1 |
|
036 |
| t |
|
Медвежатники, гадальщики... |
| 1 |
|
2001 |
| a |
|
Медвежатники |
| 464 |
Аналитический уровень |
_0 |
| 1 |
|
036 |
| t |
|
Эх, да Харьковские горы... |
| 1 |
|
2001 |
| a |
|
Перекупщики |
| 464 |
Аналитический уровень |
_0 |
| 1 |
|
036 |
| t |
|
Идет мулла на молитву... |
| 1 |
|
2001 |
| a |
|
Баит о мулле |
| 464 |
Аналитический уровень |
_0 |
| 1 |
|
036 |
| t |
|
Сайфульмалик поехал к морю... |
| 1 |
|
2001 |
| a |
|
Сайфульмалик |
| 464 |
Аналитический уровень |
_0 |
| 1 |
|
036 |
| t |
|
Если придут красывые джигиты... |
| 1 |
|
2001 |
| a |
|
Красивые джигиты (Мать и дочь) |
| 1 |
|
5171 |
| a |
|
Мать и дочь |
| 464 |
Аналитический уровень |
_0 |
| 1 |
|
2001 |
| a |
|
Открой-ка, девушка, дверь (Джигит и девушка) |
| 1 |
|
5171 |
| a |
|
Джигит и девушка |
| 464 |
Аналитический уровень |
_0 |
| 1 |
|
2001 |
| a |
|
Эх, да шесть тысяч верст (Песня золотоискателей в Сибири |
| 1 |
|
5171 |
| a |
|
Песня золотоискателей в Сибири |
| 464 |
Аналитический уровень |
_0 |
| 1 |
|
2001 |
| a |
|
Товары, взятые в Сибири |
| 464 |
Аналитический уровень |
_0 |
| 1 |
|
036 |
| t |
|
Маяки на сибирских дорогах - палки простые из ели... |
| 1 |
|
2001 |
| a |
|
Продавцы шалей |
| 464 |
Аналитический уровень |
_0 |
| 1 |
|
036 |
| t |
|
В дремучем лесу под березой... |
| 1 |
|
2001 |
| a |
|
Песня работника |
| 464 |
Аналитический уровень |
_0 |
| 1 |
|
2001 |
| a |
|
Ой, да как заходит луна (Песня пасынка) |
| 1 |
|
5171 |
| a |
|
Песня пасынка |
| 464 |
Аналитический уровень |
_0 |
| 1 |
|
036 |
| t |
|
Проходят жизни годы молодые... |
| 1 |
|
2001 |
| a |
|
Проходят жизни годы |
| 464 |
Аналитический уровень |
_0 |
| 1 |
|
2001 |
| a |
|
Перед амбарами в переулке (Несовершеннолетний жених) |
| 1 |
|
5171 |
| a |
|
Несовершеннолетний жених |
| 464 |
Аналитический уровень |
_0 |
| 1 |
|
2001 |
| a |
|
У большой дороги три березы (Халима) |
| 1 |
|
5171 |
| a |
|
Халима |
| 464 |
Аналитический уровень |
_0 |
| 1 |
|
2001 |
| a |
|
У окна, выходящего на улицу (Фатымочка) |
| 1 |
|
5171 |
| a |
|
Фатымочка |
| 464 |
Аналитический уровень |
_0 |
| 1 |
|
036 |
| t |
|
Когда крикнешь: "Алялим!"... |
| 1 |
|
2001 |
| a |
|
Алялим |
| 464 |
Аналитический уровень |
_0 |
| 1 |
|
036 |
| t |
|
Ласточка черная, шея белая... |
| 1 |
|
2001 |
| a |
|
Черная ласточка |
| 464 |
Аналитический уровень |
_0 |
| 1 |
|
036 |
| t |
|
По зеленой травке - эх, белолицая... |
| 1 |
|
2001 |
| a |
|
По зеленой травке (Эх, белолицая) |
| 1 |
|
5171 |
| a |
|
Эх, белолицая |
| 464 |
Аналитический уровень |
_0 |
| 1 |
|
036 |
| t |
|
Шел я по дороге, думу думал... |
| 1 |
|
2001 |
| a |
|
Шел я по дороге (Эх, джигиты!) |
| 1 |
|
5171 |
| a |
|
Эх, джигиты! |
| 464 |
Аналитический уровень |
_0 |
| 1 |
|
036 |
| t |
|
У реки Самаксар... |
| 1 |
|
2001 |
| a |
|
Самаксар |
| 464 |
Аналитический уровень |
_0 |
| 1 |
|
036 |
| t |
|
Азизочка идет за водой для чая... |
| 1 |
|
2001 |
| a |
|
Азизочка |
| 464 |
Аналитический уровень |
_0 |
| 1 |
|
036 |
| t |
|
В бадьянных садах грядки, грядки... |
| 1 |
|
2001 |
| a |
|
Бадьянные сады |
| 464 |
Аналитический уровень |
_0 |
| 1 |
|
036 |
| t |
|
Голубое платьице, ай, голубое... |
| 1 |
|
2001 |
| a |
|
Голубое платьице |
| 464 |
Аналитический уровень |
_0 |
| 1 |
|
036 |
| t |
|
На высокой горе яблоня... |
| 1 |
|
2001 |
| a |
|
На высокой горе (Яблоня) |
| 1 |
|
5171 |
| a |
|
Яблоня |
| 464 |
Аналитический уровень |
_0 |
| 1 |
|
2001 |
| a |
|
Дивлюсь на нынешнее лето (Капает мед из красного яблока) |
| 1 |
|
5171 |
| a |
|
Капает мед из красного яблока |
| 464 |
Аналитический уровень |
_0 |
| 1 |
|
2001 |
| a |
|
Вокруг сада ивовый частокол |
| 464 |
Аналитический уровень |
_0 |
| 1 |
|
036 |
| t |
|
С маленькой головкой киргизская лошадь... |
| 1 |
|
2001 |
| a |
|
С маленькой головкой (Киргизская лошадь) |
| 1 |
|
5171 |
| a |
|
Киргизская лошадь |
| 464 |
Аналитический уровень |
_0 |
| 1 |
|
036 |
| t |
|
Приподними-ка шапку-крымку... |
| 1 |
|
2001 |
| a |
|
Шапка-крымка |
| 464 |
Аналитический уровень |
_0 |
| 1 |
|
036 |
| t |
|
Учился бы я в медресе... |
| 1 |
|
2001 |
| a |
|
В медресе |
| 464 |
Аналитический уровень |
_0 |
| 1 |
|
2001 |
| a |
|
Высыпал пшеницу на большак |
| 464 |
Аналитический уровень |
_0 |
| 1 |
|
036 |
| t |
|
Вдоль улицы посажены ивы... |
| 1 |
|
2001 |
| a |
|
Вдоль улицы (Молодые ивы) |
| 1 |
|
5171 |
| a |
|
Молодые ивы |
| 464 |
Аналитический уровень |
_0 |
| 1 |
|
036 |
| t |
|
Золотую удочку закинул я в воду... |
| 1 |
|
2001 |
| a |
|
Золотая удочка |
| 606 |
Тематические рубрики |
0_ |
| a |
Основная рубрика |
Татарский фольклор |
| x |
Основная подрубрика |
Татарско-мишарские песни |
| 610 |
Ключевые слова |
0_ |
| a |
Ключевые слова |
фольклор татарский; татарско-мишарские песни; татарский фольклор; татарские народные песни |
| 686 |
Индексы других классификаций |
__ |
| a |
Классификационный индекс |
85.92(2Рос.Тат)-4я43 |
| 2 |
Код системы |
rubbk |
| 700 |
Автор |
_1 |
| a |
Фамилия |
Сайдашева |
| b |
Имя (инициалы) |
З. Н. |
| g |
Полное личное имя |
Земфира Нурмухаметовна |
| 701 |
Альтернативная интеллектуальная ответственность |
_1 |
| a |
Фамилия |
Ярми |
| b |
Имя (инициалы) |
Х. Х. |
| g |
Полное личное имя |
Хамит Хуснутдинович |
| 702 |
Вторичная интеллектуальная ответственность |
_1 |
| a |
Фамилия |
Ахметова |
| b |
Имя (инициалы) |
Ф. В. |
| 4 |
Код отношения |
340 |
| 702 |
Вторичная интеллектуальная ответственность |
_1 |
| a |
Фамилия |
Сайдашева |
| b |
Имя (инициалы) |
З. Н. |
| g |
Полное личное имя |
Земфира Нурмухаметовна |
| 4 |
Код отношения |
080 |
| 801 |
Источник записи |
_0 |
| a |
Страна |
RU |
| b |
Организация |
Ульяновская ОНБ |
| c |
Дата составления |
20250131 |
| g |
Правила каталогизации |
RCR |
| 801 |
Источник записи |
_1 |
| a |
Страна |
RU |
| b |
Организация |
Ульяновская ОНБ |
| c |
Дата составления |
20250131 |
| 901 |
Тип документа |
__ |
| t |
Тип документа |
m |
| 909 |
Создатель записи |
__ |
| a |
Создатель записи |
Никитина Т. А. |
| b |
Дата создания записи |
20250131 |